| 000 | | | 04198nac2a22002773x 450 |
| 001 | | | c3c85f08-f4b6-4d6e-9cbc-0654bc9c571f |
| 005 | | | 20221206232317.0 |
| 100 | ## | $a | 20221115l19411941k y0rusy50 ca |
| 101 | 0# | $a | rus |
| | $a | mul |
| 102 | ## | $a | RU |
| 105 | ## | $a | y z ||||| |
| 122 | 2# | $a | d19410103 |
| | $a | d19410124 |
| 200 | 1# | $a | Протокол № 8 заседания Президиума Верховного Совета СССР том I |
| | $j | 3-24 января 1941 |
| 215 | ## | $a | 255 листов |
| 251 | ## | $c | Дело |
| 300 | ## | $a | Заголовок дела на папке: Протокол № 8 заседания Президиума Верховного Совета СССР (подлинный) |
| 300 | ## | $a | Часть текста на языках народов СССР |
| 300 | ## | $a | Часть текста машинописная и рукописная, часть - напечатана типографским способом |
| 461 | #0 | $1 | 001d61833fe-7036-4123-ba24-5c83654b2cf0 |
| | $1 | 2001 |
| | $a | Верховный Совет СССР |
| | $1 | 251 |
| | $c | Фонд |
| | $1 | 852 |
| | $g | Р |
| | $j | 7523 |
| 462 | #0 | $1 | 001a334c51b-8455-4c6a-99ad-af63521fba80 |
| | $1 | 2001 |
| | $a | Подлинные протоколы заседаний Президиума Верховного Совета СССР первого созыва за 1938-1946 гг. |
| | $v | Д. 43 |
| | $1 | 251 |
| | $c | Опись |
| | $1 | 852 |
| | $j | 4 |
| 517 | 1# | $a | Протокол № 8 заседания Президиума Верховного Совета СССР (подлинный) |
| 601 | 01 | $3 | RU\NLR\AUTH\8817309 |
| | $a | СССР |
| | $b | Верховный Совет |
| 601 | 01 | $3 | RU\NLR\AUTH\8810065327 |
| | $a | СССР |
| | $b | Верховный Совет |
| | $b | Президиум |
| 801 | #0 | $a | RU |
| | $b | GA_RF |
| 801 | #1 | $a | RU |
| | $b | ГлавНИВЦ |
| | $c | 20221115 |
| | $2 | rusmarc |
| 801 | #2 | $a | RU |
| | $b | ПБ им. Б.Н. Ельцина |
| | $c | 20221206 |
| | $g | RCR |
| | $2 | rusmarc |
| 852 | ## | $a | ГА РФ |
| | $j | 43 |
| 937 | ## | $d | 181342575 |
| | $h | ГАРФ |
| 035 | ## | $a | RuPRLIB51069159 |
| 856 | ## | $u | http://readingroom.main.prlib.ru/item.aspx?id_node=n181342575&mode=full |